Baratte François éd., Le voyage en Tunisie de R. Cagnat et H. Saladin (Éditions du CTHS, Format, 56), Paris, Éditions du CTHS, 2005, 1 vol. 12 × 18,5, 558 p., fig. ds t. (notice n° 1595760)

détails MARC
000 -LEADER
fixed length control field 00603cam a2200145 4500500
005 - DATE AND TIME OF LATEST TRANSACTION
control field 20251228073713.0
041 ## - LANGUAGE CODE
Language code of text/sound track or separate title fre
042 ## - AUTHENTICATION CODE
Authentication code dc
100 10 - MAIN ENTRY--PERSONAL NAME
Personal name Maurin, Louis
Relator term author
245 00 - TITLE STATEMENT
Title Baratte François éd., Le voyage en Tunisie de R. Cagnat et H. Saladin (Éditions du CTHS, Format, 56), Paris, Éditions du CTHS, 2005, 1 vol. 12 × 18,5, 558 p., fig. ds t.
260 ## - PUBLICATION, DISTRIBUTION, ETC.
Date of publication, distribution, etc. 2006.<br/>
500 ## - GENERAL NOTE
General note 34
786 0# - DATA SOURCE ENTRY
Note Revue archéologique | 41 | 1 | 2006-03-01 | p. 167m-188m | 0035-0737
856 41 - ELECTRONIC LOCATION AND ACCESS
Uniform Resource Identifier <a href="https://shs.cairn.info/revue-archeologique-2006-1-page-167m?lang=fr&redirect-ssocas=7080">https://shs.cairn.info/revue-archeologique-2006-1-page-167m?lang=fr&redirect-ssocas=7080</a>

Pas d'exemplaire disponible.

PLUDOC

PLUDOC est la plateforme unique et centralisée de gestion des bibliothèques physiques et numériques de Guinée administré par le CEDUST. Elle est la plus grande base de données de ressources documentaires pour les Étudiants, Enseignants chercheurs et Chercheurs de Guinée.

Adresse

627 919 101/664 919 101

25 boulevard du commerce
Kaloum, Conakry, Guinée

Réseaux sociaux

Powered by Netsen Group @ 2025